Which New York City Borough? - Click Quiz - Statistics

General Stats
  • This quiz has been taken 21 times
  • The average score is 12 of 25
Answer Stats
Hint Answer % Correct
Was home to the tallest building in the world from 1908-1973 Manhattan
89%
Is the namesake of a drink, a Woody Allen movie, and the project that developed the atomic bomb Manhattan
79%
Has a population of less than one million Staten Island
79%
Is known as "The Forgotten Borough" Staten Island
79%
Is the richest of the five boroughs Manhattan
74%
Was the 4th largest city in the United States prior to being incorporated into New York City Brooklyn
68%
Has multiple Michelin 3-star restaurants Manhattan
68%
Has neighborhoods called Battery Park City, Hell's Kitchen, and Washington Heights Manhattan
63%
Is home to zero NFL/MLB/NBA/NHL/MLS teams Staten Island
63%
Is the location of both of the city's major airports Queens
58%
Has neighborhoods called Bedford-Stuyvesant, DUMBO, and Williamsburg Brooklyn
53%
Has neighborhoods called Astoria, Flushing, and Jamaica Queens
53%
Is the largest borough (by area) Queens
53%
Has neighborhoods called Bedford Park, Co-op City, and Throgg's Neck The Bronx
53%
Is known as the birthplace of hip-hop The Bronx
53%
Is home to the Nathan's Famous Hot Dog Eating Contest Brooklyn
42%
Is located on the United States mainland (not an island) The Bronx
42%
Has neighborhoods called New Dorp, Port Richmond, and Randall Manor Staten Island
37%
Is known as "The World's Borough" for its ethnic and linguistic diversity Queens
26%
Sesame Street is filmed there Queens
26%
Has land borders (including bridges/tunnels) ONLY with other NYC boroughs Brooklyn
21%
The geography of Westeros from George R.R. Martin's Song of Ice and Fire series is based on it Staten Island
16%
Is named after a person who lived there The Bronx
11%
Is home to the city's largest park The Bronx
5%
Has more than 80 miles of subway routes Brooklyn
0%
No matching quizzes found
Score Distribution
Percent of People with Each Score
Percentile by Number Answered
Your Score History
You have not taken this quiz